| 000 | 00818nam a2200229 a 4500 | ||
|---|---|---|---|
| 001 | BRCA_7786 | ||
| 005 | 20190320210007.0 | ||
| 008 | 011013s1963----mx-a######---#000-0#spa-# | ||
| 041 | _aspa | ||
| 044 | _amx | ||
| 050 | 4 |
_aND259.O7 _b.C38 1963 |
|
| 245 | 1 | 0 |
_aCatálogo de dibujos y pinturas de José Clemente Orozco _bde la subasta privada que se efectuara el sábado 4 de mayo a las 6:30 p.m. en el Salón Orozco del Hotel María Isabel, México, D.F. |
| 260 |
_aMéxico _bSubastas y Remates _c1963 |
||
| 300 |
_a24 p. _bil. _c25 cm. |
||
| 500 | _aX35 | ||
| 600 | 1 | 4 |
_aOrozco, José Clemente _d1883-1949 _99279 |
| 650 | 1 | 4 |
_aPintura mexicana _vSubastas _919286 |
| 650 | 1 | 4 |
_aPintura mexicana _vCatálogos _93411 |
| 650 | 1 | 4 |
_aPintores mexicanos _vColeccionistas y colecciones _919287 |
| 902 | _aGFM | ||
| 942 |
_2lcc _cB |
||
| 999 |
_c7460 _d7460 |
||